| 000 | 00588nam a2200241Ia 4500 | ||
|---|---|---|---|
| 003 | OSt | ||
| 005 | 20221007101109.0 | ||
| 006 | a|||||r|||| 00| 0 | ||
| 007 | ta | ||
| 008 | 221006b |||||||| |||| 00| 0 eng d | ||
| 024 | _a5,825 | ||
| 037 | _cTextual | ||
| 040 |
_aLCO _cLCO _beng |
||
| 041 |
_2eng _aeng |
||
| 082 | _aW61,3, L0 | ||
| 100 |
_aWALKER P G _9702598 |
||
| 245 | 0 | _aThe Cabinet. | |
| 260 |
_aLondon _bJonathan Cape. _c1970 |
||
| 300 | _a207 | ||
| 650 |
_aCABINET _9702599 |
||
| 942 |
_hW61,3, L0 _cTEXL |
||
| 999 |
_c1175388 _d1175388 |
||